Tài liệu chuyên sinh học trung học phổ thông : Bài tập vi sinh vật học

Quyển Tài liệu chuyên sinh học trung học phổ thông: Bài tập vi sinh vật học được thiết kế theo 3 phần: Bài tập có hướng dẫn; bài tập tự giải; bài tập trắc nghiệm. Giúp giáo viên nâng cao kiến thức, đối với học sinh đánh giá được năng...

Celý popis

Uloženo v:
Podrobná bibliografie
Hlavní autor: Phạm, Văn Ty
Médium: Kniha
Jazyk:Undetermined
Vydáno: Tp. Hồ Chí Minh Giáo dục Việt Nam 2013
Témata:
Tagy: Přidat tag
Žádné tagy, Buďte první, kdo otaguje tento záznam!
Thư viện lưu trữ: Trung tâm Học liệu Trường Đại học Cần Thơ
LEADER 01189nam a2200229Ia 4500
001 CTU_184892
008 210402s9999 xx 000 0 und d
020 |c 23000 
082 |a 579.076 
082 |b T600 
100 |a Phạm, Văn Ty 
245 0 |a Tài liệu chuyên sinh học trung học phổ thông : 
245 0 |b Bài tập vi sinh vật học 
245 0 |c Phạm Văn Ty, Nguyễn Vĩnh Hà 
260 |a Tp. Hồ Chí Minh 
260 |b Giáo dục Việt Nam 
260 |c 2013 
520 |a Quyển Tài liệu chuyên sinh học trung học phổ thông: Bài tập vi sinh vật học được thiết kế theo 3 phần: Bài tập có hướng dẫn; bài tập tự giải; bài tập trắc nghiệm. Giúp giáo viên nâng cao kiến thức, đối với học sinh đánh giá được năng lực của bản thân, rèn luyện kĩ năng tự học. 
650 |a Biology,Microbiology,Sinh học 
650 |x Study and teaching (Secondary),Học và giảng dạy 
904 |i Bành Ngọc Trang 
980 |a Trung tâm Học liệu Trường Đại học Cần Thơ